Unpacking students’ engagement with feedback : (Record no. 51940)

MARC details
000 -LEADER
fixed length control field 00753nam a2200241Ia 4500
005 - DATE AND TIME OF LATEST TRANSACTION
control field 20260429112024.0
008 - FIXED-LENGTH DATA ELEMENTS--GENERAL INFORMATION
fixed length control field 260429s9999||||xx |||||||||||||| ||und||
020 ## - INTERNATIONAL STANDARD BOOK NUMBER
International Standard Book Number 9781032320410
041 ## - LANGUAGE CODE
Language English
082 ## - DEWEY DECIMAL CLASSIFICATION NUMBER
Classification number 371.26
Item number LIP
100 ## - MAIN ENTRY--PERSONAL NAME
Personal name Lipnevich, Anastasiya A.
245 #0 - TITLE STATEMENT
Title Unpacking students’ engagement with feedback :
Remainder of title pedagogy and partnership in practice /
Statement of responsibility, etc Anastasiya A. Lipnevich
250 ## - EDITION STATEMENT
Edition statement 1st ed.
260 ## - PUBLICATION, DISTRIBUTION, ETC. (IMPRINT)
Place of publication, distribution, etc New York :
Name of publisher, distributor, etc Routledge,
Date of publication, distribution, etc 2024.
300 ## - PHYSICAL DESCRIPTION
Extent xiv, 159 p.; pbk
440 ## - SERIES STATEMENT/ADDED ENTRY--TITLE
Title Assessment in Schools: Principles in Practice
650 ## - SUBJECT ADDED ENTRY--TOPICAL TERM
Topical term or geographic name as entry element Educational feedback
650 ## - SUBJECT ADDED ENTRY--TOPICAL TERM
Topical term or geographic name as entry element Higher education
650 ## - SUBJECT ADDED ENTRY--TOPICAL TERM
Topical term or geographic name as entry element Student engagement
700 ## - ADDED ENTRY--PERSONAL NAME
Personal name Tan, Kelvin Heng Kiat
700 ## - ADDED ENTRY--PERSONAL NAME
Personal name To, Jessica
942 ## - ADDED ENTRY ELEMENTS (KOHA)
Koha item type Text Books
Holdings
Withdrawn status Lost status Damaged status Not for loan Collection code Home library Location Shelving location Date of Cataloging Source of acquisition Total Checkouts Full call number Barcode Date last seen Price effective from Koha item type
        Non-fiction CUTN Central Library CUTN Central Library Social Sciences 29/04/2026 SansRack Publishing Solutions, Chennai - Invoice No. S131/25-26 on 11-02-2026   371.26 LIP 56979 29/04/2026 29/04/2026 Text Books